The Zemstvo postage stamps of Imperial Russia; Vol 1: Akhtyrka-Byezhetsk (Record no. 1906)

000 -LEADER
fixed length control field 00642nam a22000977a 4500
008 - FIXED-LENGTH DATA ELEMENTS--GENERAL INFORMATION
fixed length control field 160418b xxu||||| |||| 00| 0 eng d
100 ## - MAIN ENTRY--AUTHOR'S NAME
Author's Name Artuchov, Alex
245 ## - TITLE STATEMENT
Title The Zemstvo postage stamps of Imperial Russia; Vol 1: Akhtyrka-Byezhetsk
260 ## - PUBLICATION, DISTRIBUTION, ETC. (IMPRINT)
Place of publication, distribution, etc. Toronto
Name of publisher, distributor, etc. Canadian Society of Russian Philately
Date of publication, distribution, etc. 1987
650 ## - TOPICAL TERM (Tag)
Topical term or geographic name Russia (-1917) | Locals and Private Posts | Zemstvos | Stamps -- Histories | Postal History | Prices and Values | Catalogs and Price Lists | Production | Sheets and Panes | Plates and Plating | Errors and Varieties | Printing | Overprints and Surcharges | Essays and Proofs | Perforation | Imperforate Issues | Cinderella Material
Holdings
Withdrawn status Lost status Source of classification or shelving scheme Damaged status Koha normalized classification for sorting Not for loan Permanent Location Current Location Date acquired Total Checkouts Full call number Barcode Date last seen Price effective from
        G7001 L811 A792   Northern Philatelic Library Northern Philatelic Library 04/18/2016   G7001 L811 A792 1002212 04/18/2016 04/18/2016

Powered by Koha